Ekonomické aspekty statistických přejímek
Saved in:
| Main Author: | |
|---|---|
| Format: | Book |
| Language: | Czech |
| Published: |
Praha
EKOPRESS
1999
|
| Subjects: | |
| Tags: |
No Tags, Be the first to tag this record!
|
MARC
| LEADER | 00000nam a2200000 4500 | ||
|---|---|---|---|
| 001 | c117836 | ||
| 005 | 20221102135139.0 | ||
| 020 | |a 80-86119-24-6 | ||
| 041 | 0 | |a cze | |
| 044 | |a CZ | ||
| 245 | 1 | 0 | |a Ekonomické aspekty statistických přejímek |c Jindřich Klůfa |
| 264 | 1 | |a Praha |b EKOPRESS |c 1999 | |
| 300 | |a 164 s. | ||
| 610 | 2 | 0 | |a štatistika |
| 610 | 2 | 0 | |a kontrola kvality |
| 610 | 2 | 0 | |a riziko podnikateľské |
| 610 | 2 | 0 | |a riziko spotrebiteľské |
| 610 | 2 | 0 | |a náklady |
| 610 | 2 | 0 | |a kontrola |
| 610 | 2 | 0 | |a dodávatelia |
| 610 | 2 | 0 | |a odberatelia |
| 100 | 1 | |a Klůfa, Jindřich | |